000 00338nam a2200145Ia 4500
008 230917s9999||||xx |||||||||||||| ||und||
020 _cPOU1.5
040 _e3502
_aMAIN
041 _aEnglish
082 _a320.942 J716P
100 _aJones, Grace A
245 0 _aPolitical structure
260 _aLondon
_bLongman
_c1969
942 _cBK
999 _c191074
_d191074